| 000 | 00435 a2200181 4500 | ||
|---|---|---|---|
| 001 | 066002 | ||
| 003 | OSt | ||
| 005 | 20251211111837.0 | ||
| 008 | |||
| 082 |
_a820.9358 _bR76R |
||
| 245 | 1 |
_aPostcolonial studies _cedited by John Mcleod |
|
| 260 |
_aLondon _bRoutledge _c2007 |
||
| 300 | _a252p. | ||
| 500 | _aEnglish | ||
| 690 | _aPostcolonialism | ||
| 700 | _eMcleod, John, ed. | ||
| 942 |
_2ddc _cBK |
||
| 999 |
_c211 _d211 |
||